[Event "IECG TE.2002.P.01017 email"]
[Site "IECG email"]
[Date "2002.03.28"]
[Round "?"]
[White "Heesen, Jos HW"]
[Black "Moro Lorente, Ricardo Javier"]
[Result "1/2-1/2"]
[WhiteElo "1877"]
[BlackElo "1733"]
[PlyCount "105"]
[EventDate "2002.03.28"]
[EventType "tourn (corr)"]
[EventRounds "12"]
[SourceTitle "Corr 2008"]
[Source "ChessBase"]
[SourceDate "2008.06.24"]
[SourceVersion "1"]
[SourceVersionDate "2008.06.24"]
[SourceQuality "1"]

1. e4 e5 2. Nf3 Nc6 3. Bb5 Bc5 4. 0-0 Qf6 5. c3 Nge7 6. d3 h6 7. b4 Bb6 8. Be3 0-0 9. a4 a6 10. Bxb6 cxb6 11. Bc4 d6 12. Nbd2 Bg4 13. Qe2 Rfd8 14. h3 Bh5 15. b5 Na5 16. Ba2 Rac8 17. Rfc1 Ng6 18. g3 Rd7 19. bxa6 bxa6 20. Rab1 Rb7 21. Bd5 Rbb8 22. d4 Nc6 23. Qe3 Nge7 24. g4 Bg6 25. Bc4 d5 26. dxe5 Nxe5 27. Nxe5 Qxe5 28. Bxa6 Rd8 29. Rxb6 Rxb6 30. Qxb6 Rd6 31. Qb8+ Kh7 32. Bf1 Qf6 33. exd5 Nxd5 34. Nc4 Re6 35. Qg3 Nf4 36. a5 Be4 37. Ne3 Ba8 38. a6 Re8 39. c4 Qc6 40. Qh2 Ne6 41. Ra1 Nf4 42. a7 Rd8 43. Ng2 Ne6 44. Qb8 Qf3 45. Qg3 Qc6 46. Qe3 Nd4 47. Qd3+ Kg8 48. Qg3 Nf3+ 49. Kh1 Nd2 50. Rd1 Rd6 51. c5 Nxf1 52. Rxf1 Qxc5 53. Kh2 1/2-1/2

[Event "IECG TE.2002.P.01017 email"]
[Site "IECG email"]
[Date "2002.03.28"]
[Round "?"]
[White "Loven, Jonas"]
[Black "Moro Lorente, Ricardo Javier"]
[Result "0-1"]
[WhiteElo "1600"]
[BlackElo "1733"]
[PlyCount "64"]
[EventDate "2002.03.28"]
[EventType "tourn (corr)"]
[EventRounds "12"]
[SourceTitle "Corr 2008"]
[Source "ChessBase"]
[SourceDate "2008.06.24"]
[SourceVersion "1"]
[SourceVersionDate "2008.06.24"]
[SourceQuality "1"]

1. e4 e5 2. Nf3 Nc6 3. Bb5 Bc5 4. 0-0 Qf6 5. d3 h6 6. Be3 Bb6 7. c4 Nd4 8. Nxd4 exd4 9. Bd2 c6 10. Ba4 Ne7 11. f4 0-0 12. Be1 Bc7 13. f5 d5 14. cxd5 b5 15. Bc2 cxd5 16. Nd2 Bb7 17. Qg4 Qg5 18. Qxg5 hxg5 19. Nf3 Rac8 20. Bb4 Rfe8 21. Rac1 dxe4 22. dxe4 Nc6 23. Bc5 Bf4 24. Rce1 Nb4 25. Bxb4 Rxc2 26. Nxd4 Rc4 27. Bc3 b4 28. g3 Be5 29. Kh1 bxc3 30. bxc3 Bxd4 31. cxd4 Rxd4 32. f6 Rd2 0-1

[Event "IECG TE.2002.P.01008 email"]
[Site "IECG email"]
[Date "2002.03.28"]
[Round "?"]
[White "Moro Lorente, Ricardo Javier"]
[Black "Sander, Ingo"]
[Result "1-0"]
[WhiteElo "1733"]
[BlackElo "2197"]
[PlyCount "83"]
[EventDate "2002.03.28"]
[EventType "tourn (corr)"]
[EventRounds "12"]
[SourceTitle "Corr 2008"]
[Source "ChessBase"]
[SourceDate "2008.06.24"]
[SourceVersion "1"]
[SourceVersionDate "2008.06.24"]
[SourceQuality "1"]

1. e4 e5 2. Nf3 Nc6 3. Bb5 Bc5 4. c3 Nf6 5. d4 Bb6 6. 0-0 0-0 7. Bg5 h6 8. Bh4 d6 9. Qd3 Qe7 10. Nbd2 Nb8 11. Rfe1 c6 12. Ba4 Nbd7 13. Nc4 Bc7 14. Ne3 Re8 15. Nf5 Qf8 16. Rad1 Nh5 17. Bc2 Nf4 18. Qd2 Ng6 19. Bg3 Nf6 20. N5h4 Nxh4 21. Bxh4 Qe7 22. h3 Be6 23. b3 Rad8 24. d5 Bd7 25. c4 cxd5 26. exd5 Bb6 27. b4 Rc8 28. c5 Bc7 29. Nxe5 dxe5 30. d6 Bxd6 31. cxd6 Qd8 32. Bb3 e4 33. Qd4 b6 34. Bxf6 Qxf6 35. Rxe4 Qxd4 36. Rxe8+ Rxe8 37. Rxd4 Kf8 38. f4 Re2 39. b5 Ke8 40. Bc4 Rc2 41. Kh2 Kd8 42. Kg3 1-0

[Event "IECG TE.2001.P.00816 email"]
[Site "IECG email"]
[Date "2001.10.05"]
[Round "?"]
[White "Moro Lorente, Ricardo Javier"]
[Black "Dutra Neto, Alfredo Carlos S"]
[Result "1/2-1/2"]
[WhiteElo "1702"]
[BlackElo "2032"]
[PlyCount "105"]
[EventDate "2001.10.05"]
[EventType "tourn (corr)"]
[EventRounds "12"]
[SourceTitle "Corr 2008"]
[Source "ChessBase"]
[SourceDate "2008.06.24"]
[SourceVersion "1"]
[SourceVersionDate "2008.06.24"]
[SourceQuality "1"]

1. e4 d6 2. d4 Nf6 3. Nc3 g6 4. Nf3 Bg7 5. Be3 0-0 6. Qd2 a6 7. Bh6 b5 8. Bxg7 Kxg7 9. Bd3 Bg4 10. e5 dxe5 11. dxe5 Nfd7 12. Qf4 Bxf3 13. Qxf3 c6 14. Qe3 Qb6 15. Qxb6 Nxb6 16. 0-0-0 N8d7 17. f4 f6 18. exf6+ Rxf6 19. Rhe1 Rxf4 20. Rxe7+ Rf7 21. Rxf7+ Kxf7 22. Ne4 Kg7 23. Re1 Re8 24. Kd2 c5 25. c3 c4 26. Bc2 h6 27. Rf1 Nd5 28. Nd6 Re7 29. a4 Ne5 30. axb5 Re6 31. Ne4 axb5 32. Ra1 Ng4 33. Ra7+ Kg8 34. h3 Nge3 35. Rd7 Re5 36. Kc1 Kf8 37. Nd6 Nxc2 38. Kxc2 Ne3+ 39. Kc1 Rd5 40. Rd8+ Ke7 41. Re8+ Kxd6 42. Rxe3 Rf5 43. Re2 h5 44. Kc2 Kd5 45. b3 Rg5 46. bxc4+ bxc4 47. Kd2 h4 48. Kd1 Rg3 49. Kd2 g5 50. Kc2 Kc6 51. Kb2 Kb6 52. Kc2 g4 53. hxg4 1/2-1/2

[Event "IECG TE.2001.P.00816 email"]
[Site "IECG email"]
[Date "2001.10.05"]
[Round "?"]
[White "Orsolic, Marijan"]
[Black "Moro Lorente, Ricardo Javier"]
[Result "1-0"]
[WhiteElo "1912"]
[BlackElo "1702"]
[PlyCount "69"]
[EventDate "2001.10.05"]
[EventType "tourn (corr)"]
[EventRounds "12"]
[SourceTitle "Corr 2008"]
[Source "ChessBase"]
[SourceDate "2008.06.24"]
[SourceVersion "1"]
[SourceVersionDate "2008.06.24"]
[SourceQuality "1"]

1. e4 d6 2. d4 Nf6 3. Nc3 g6 4. Nf3 Bg7 5. Be3 0-0 6. Qd2 c6 7. Bh6 Bg4 8. Bxg7 Kxg7 9. Ng5 h6 10. h3 Bh5 11. Nxf7 Rxf7 12. g4 Bxg4 13. hxg4 Nxg4 14. f4 Rf8 15. Rg1 h5 16. 0-0-0 e6 17. Be2 Nd7 18. Bxg4 hxg4 19. Rxg4 Nf6 20. Rg5 Nh7 21. Rg3 Rf7 22. Rh1 Qf6 23. f5 g5 24. Qh2 Rh8 25. Rh3 Kg8 26. Rh6 Qxd4 27. Rg6+ Rg7 28. Rxe6 Rf7 29. Rxd6 Qe3+ 30. Kb1 Qf4 31. Rd8+ Rf8 32. Rxf8+ Kxf8 33. Qh6+ Kg8 34. Qe6+ Kf8 35. Rd1 1-0

[Event "IECG TE.2001.P.00816 email"]
[Site "IECG email"]
[Date "2001.10.05"]
[Round "?"]
[White "Vasquez, Fernando Jose Pinto"]
[Black "Moro Lorente, Ricardo Javier"]
[Result "1-0"]
[WhiteElo "1000"]
[BlackElo "1702"]
[PlyCount "59"]
[EventDate "2001.10.05"]
[EventType "tourn (corr)"]
[EventRounds "12"]
[SourceTitle "Corr 2008"]
[Source "ChessBase"]
[SourceDate "2008.06.24"]
[SourceVersion "1"]
[SourceVersionDate "2008.06.24"]
[SourceQuality "1"]

1. e4 d6 2. d4 Nf6 3. Nc3 g6 4. Nf3 Bg7 5. Be3 0-0 6. Qd2 c6 7. h3 b5 8. a3 Na6 9. Be2 Bb7 10. 0-0 Re8 11. Bd3 Nc7 12. Rad1 a5 13. Bh6 Bh8 14. Ng5 e5 15. dxe5 Rxe5 16. f4 Re8 17. Rfe1 Ne6 18. Nxe6 Rxe6 19. Bg5 Qb6+ 20. Kh2 Rae8 21. b4 a4 22. f5 gxf5 23. exf5 Rxe1 24. Rxe1 Rxe1 25. Qxe1 c5 26. Bh6 Bg7 27. Bxg7 Kxg7 28. Qe3 h6 29. Bxb5 cxb4 30. Qxb6 1-0

[Event "IECC TH-T email"]
[Site "IECC email"]
[Date "2001.08.23"]
[Round "?"]
[White "Moro Lorente, Ricardo Javier"]
[Black "Bilsel, Sabahaddin"]
[Result "0-1"]
[WhiteElo "1941"]
[BlackElo "1957"]
[PlyCount "38"]
[EventDate "2001.??.??"]
[EventType "match (corr)"]
[EventRounds "2"]
[SourceTitle "Corr 2008"]
[Source "ChessBase"]
[SourceDate "2008.06.24"]
[SourceVersion "1"]
[SourceVersionDate "2008.06.24"]
[SourceQuality "1"]

1. d4 d5 2. e4 dxe4 3. Nc3 Nf6 4. f3 exf3 5. Nxf3 Bf5 6. Bc4 e6 7. 0-0 Be7 8. d5 exd5 9. Nxd5 0-0 10. Nxe7+ Qxe7 11. Nd4 Bg6 12. c3 Nbd7 13. Qb3 Nb6 14. Bf4 Rfe8 15. Rfe1 Qxe1+ 16. Rxe1 Rxe1+ 17. Kf2 Re4 18. Bxc7 Nxc4 19. Qxc4 Rc8 0-1

[Event "IECG TE.2000.P.00412 email"]
[Site "IECG email"]
[Date "2000.07.15"]
[Round "?"]
[White "Moro Lorente, Ricardo Javier"]
[Black "Soldini, Paolo"]
[Result "0-1"]
[WhiteElo "1750"]
[BlackElo "1426"]
[PlyCount "42"]
[EventDate "2000.07.15"]
[EventType "tourn (corr)"]
[EventRounds "8"]
[SourceTitle "Corr 2008"]
[Source "ChessBase"]
[SourceDate "2008.06.24"]
[SourceVersion "1"]
[SourceVersionDate "2008.06.24"]
[SourceQuality "1"]

1. e4 e5 2. Nf3 Nc6 3. Bc4 Nf6 4. Ng5 Bc5 5. Bxf7+ Ke7 6. Bd5 Rf8 7. 0-0 d6 8. c3 Bg4 9. Qe1 h6 10. d4 Bb6 11. h3 Bd7 12. Nf3 exd4 13. e5 Nxd5 14. exd6+ Kxd6 15. c4 Ndb4 16. Na3 Rxf3 17. gxf3 Bxh3 18. Nb5+ Kc5 19. a3 Kxc4 20. Nxd4 Qxd4 21. axb4 Qd3 0-1

[Event "IECG TE.2000.P.00412 email"]
[Site "IECG email"]
[Date "2000.07.15"]
[Round "?"]
[White "Newton, Hobart E"]
[Black "Moro Lorente, Ricardo Javier"]
[Result "1-0"]
[WhiteElo "2030"]
[BlackElo "1750"]
[PlyCount "55"]
[EventDate "2000.07.15"]
[EventType "tourn (corr)"]
[EventRounds "8"]
[SourceTitle "Corr 2008"]
[Source "ChessBase"]
[SourceDate "2008.06.24"]
[SourceVersion "1"]
[SourceVersionDate "2008.06.24"]
[SourceQuality "1"]

1. e4 e5 2. Nf3 Nc6 3. Bc4 Nf6 4. Ng5 Bc5 5. d4 d5 6. Bxd5 Nxd4 7. Nxf7 Qe7 8. Nxh8 Bg4 9. Ng6 hxg6 10. Qd2 Nxd5 11. c3 Nf6 12. cxd4 Bb4 13. Nc3 Nxe4 14. Qd3 exd4 15. 0-0 dxc3 16. bxc3 Nxc3 17. Qxg6+ Kf8 18. Qxg4 Ne2+ 19. Kh1 Nxc1 20. Qf3+ Kg8 21. Qxb7 Rf8 22. Raxc1 Bd6 23. Qb3+ Kh8 24. Qh3+ Kg8 25. Rfe1 Qg5 26. Qe6+ Kh8 27. Rc3 g6 28. Qd7 1-0

[Event "IECG TE.2000.P.00412 email"]
[Site "IECG email"]
[Date "2000.07.15"]
[Round "?"]
[White "Niewold, Jaap"]
[Black "Moro Lorente, Ricardo Javier"]
[Result "1-0"]
[WhiteElo "1805"]
[BlackElo "1750"]
[PlyCount "93"]
[EventDate "2000.07.15"]
[EventType "tourn (corr)"]
[EventRounds "8"]
[SourceTitle "Corr 2008"]
[Source "ChessBase"]
[SourceDate "2008.06.24"]
[SourceVersion "1"]
[SourceVersionDate "2008.06.24"]
[SourceQuality "1"]

1. e4 e5 2. Nf3 Nc6 3. Bc4 Nf6 4. Ng5 Bc5 5. Bxf7+ Ke7 6. Bd5 Rf8 7. Nf3 Nd4 8. Nxe5 Nxd5 9. exd5 d6 10. Ng4 Bxg4 11. Qxg4 Qe8 12. Kd1 Rxf2 13. Qxg7+ Kd8 14. Qg5+ Kc8 15. Re1 Qf7 16. Qg4+ Kd8 17. d3 Nf5 18. Bg5+ Kc8 19. Nd2 Qd7 20. Kc1 b5 21. Qh3 h6 22. Bxh6 Qh7 23. Ne4 Qxh6+ 24. Qxh6 Nxh6 25. Nxf2 Bxf2 26. Re2 Bh4 27. Kd2 Kd7 28. Rf1 Rg8 29. c4 bxc4 30. dxc4 Ng4 31. Rf7+ Kd8 32. Rh7 Bg5+ 33. Kc3 Ne5 34. Rf2 Nd7 35. Kb3 Nf6 36. Rf7 Nd7 37. g3 Be3 38. R2f3 Bh6 39. Rh7 Ne5 40. Rf5 Rg6 41. c5 Bg7 42. cxd6 cxd6 43. Rf4 Kc7 44. Rf8 Kb6 45. Rg8 Bf6 46. Rxg6 Nxg6 47. Rh6 1-0

[Event "Eclipse-Acede m corr"]
[Site "Eclipse email"]
[Date "2000.07.01"]
[Round "?"]
[White "Nava Baro, Enrique"]
[Black "Moro Lorente, Ricardo Javier"]
[Result "1-0"]
[WhiteElo "1745"]
[BlackElo "2097"]
[PlyCount "111"]
[EventDate "2000.??.??"]
[EventType "match (corr)"]
[EventRounds "2"]
[SourceTitle "Corr 2004"]
[Source "ChessBase"]
[SourceDate "2003.04.28"]
[SourceVersion "3"]
[SourceVersionDate "2003.04.28"]
[SourceQuality "1"]

1. d4 Nf6 2. c4 e6 3. Nc3 Bb4 4. Qc2 Nc6 5. Nf3 d6 6. Bd2 0-0 7. a3 Bxc3 8. Bxc3 Qe7 9. g3 e5 10. d5 Nd8 11. Bg2 Ne8 12. e4 f5 13. 0-0 fxe4 14. Nd2 Nf7 15. Nxe4 Ng5 16. f4 Nh3+ 17. Kh1 exf4 18. Rae1 Qd8 19. Qe2 h6 20. Qh5 Qd7 21. Nf2 Nxf2+ 22. Rxf2 Qg4 23. Qxg4 Bxg4 24. Ref1 f3 25. Bxf3 Bxf3+ 26. Rxf3 Rxf3 27. Rxf3 Rd8 28. Bd4 a6 29. Kg2 Rd7 30. Re3 Kf7 31. Kf2 c6 32. dxc6 bxc6 33. Rb3 c5 34. Bc3 d5 35. cxd5 Rxd5 36. Rb7+ Ke6 37. Ke3 g6 38. Rb8 Kd7 39. g4 Rd6 40. Ke4 Rd1 41. Ra8 Nd6+ 42. Kf3 Rd3+ 43. Ke2 Rh3 44. Be5 a5 45. Rxa5 Nc4 46. Ra7+ Ke6 47. Bg3 Nxb2 48. Kf3 h5 49. g5 Kf5 50. Kg2 Kg4 51. Re7 Rxg3+ 52. hxg3 c4 53. Re5 c3 54. Rc5 Nd1 55. a4 c2 56. a5 1-0

[Event "IECC TH-T email"]
[Site "IECC email"]
[Date "2000.06.08"]
[Round "?"]
[White "Corbat, Philippe"]
[Black "Moro Lorente, Ricardo Javier"]
[Result "1/2-1/2"]
[WhiteElo "1953"]
[BlackElo "1956"]
[PlyCount "57"]
[EventDate "2000.??.??"]
[EventType "match (corr)"]
[EventRounds "2"]
[SourceTitle "Corr 2008"]
[Source "ChessBase"]
[SourceDate "2008.06.24"]
[SourceVersion "1"]
[SourceVersionDate "2008.06.24"]
[SourceQuality "1"]

1. e4 e5 2. Nf3 Nc6 3. Bc4 Nf6 4. Ng5 Bc5 5. Bxf7+ Ke7 6. Bd5 Rf8 7. 0-0 d6 8. c3 Bg4 9. Qb3 h6 10. d4 Bb6 11. h3 Qd7 12. hxg4 hxg5 13. Bxc6 bxc6 14. Qd1 Qxg4 15. Qxg4 Nxg4 16. Bxg5+ Kd7 17. Be3 exd4 18. Bxd4 Bxd4 19. cxd4 Rab8 20. b3 Rb4 21. Nc3 Rxd4 22. f3 Ne5 23. Rad1 Rxd1 24. Rxd1 g5 25. Ne2 c5 26. Kf2 Rh8 27. Ng3 Ke6 28. Nf5 Rh7 29. Ne3 1/2-1/2

[Event "IECG TE.1999.P.00107 email"]
[Site "IECG email"]
[Date "1999.11.01"]
[Round "?"]
[White "Klett, Harald"]
[Black "Moro Lorente, Ricardo Javier"]
[Result "0-1"]
[WhiteElo "1892"]
[BlackElo "1750"]
[PlyCount "62"]
[EventDate "1999.11.01"]
[EventType "tourn (corr)"]
[EventRounds "8"]
[SourceTitle "Corr 2008"]
[Source "ChessBase"]
[SourceDate "2008.06.24"]
[SourceVersion "1"]
[SourceVersionDate "2008.06.24"]
[SourceQuality "1"]

1. d4 Nf6 2. c4 g6 3. Nc3 Bg7 4. e4 d6 5. f3 0-0 6. Be3 Nc6 7. Nge2 a6 8. Rb1 e5 9. d5 Ne7 10. g3 Ne8 11. c5 f5 12. Bg2 Nf6 13. 0-0 fxe4 14. fxe4 Ng4 15. Qd3 Nxe3 16. Qxe3 Rxf1+ 17. Rxf1 dxc5 18. Qxc5 Qd6 19. b4 Bd7 20. Nc1 a5 21. Qxd6 cxd6 22. bxa5 Rxa5 23. N1e2 Bh6 24. Kf2 b6 25. Rb1 Nc8 26. Rb2 Kf7 27. a4 Bg5 28. Ng1 Rc5 29. Bf3 Rxc3 30. Ne2 Ra3 31. h4 Bd8 0-1

[Event "IECG CP.1999.P.00081"]
[Site "IECG email"]
[Date "1999.10.01"]
[Round "?"]
[White "Daus, Peter"]
[Black "Moro Lorente, Ricardo Javier"]
[Result "1/2-1/2"]
[WhiteElo "2154"]
[BlackElo "1750"]
[PlyCount "41"]
[EventDate "1999.10.01"]
[EventType "tourn (corr)"]
[EventRounds "6"]
[EventCountry "ENG"]
[SourceTitle "Corr 2008"]
[Source "ChessBase"]
[SourceDate "2008.06.24"]
[SourceVersion "1"]
[SourceVersionDate "2008.06.24"]
[SourceQuality "1"]

1. e4 e5 2. Nf3 Nc6 3. Nc3 Nf6 4. d4 exd4 5. Nd5 Nxe4 6. Bc4 Be7 7. Qe2 Nd6 8. Bf4 0-0 9. 0-0-0 Bf6 10. Rde1 b6 11. Bxd6 cxd6 12. Qe4 Bb7 13. h4 Rc8 14. Bd3 g6 15. Qf4 Be5 16. Qd2 h5 17. g4 hxg4 18. Nxe5 Nxe5 19. Rxe5 dxe5 20. Qh6 Bxd5 21. Bxg6 1/2-1/2

[Event "Eclipse-SEMI m corr"]
[Site "corr"]
[Date "1999.??.??"]
[Round "?.3"]
[White "Gentinetta, Bruno"]
[Black "Moro Lorente, Ricardo Javier"]
[Result "1-0"]
[WhiteElo "2331"]
[BlackElo "2213"]
[PlyCount "125"]
[EventDate "1999.10.??"]
[EventType "team (corr)"]
[EventRounds "2"]
[SourceTitle "Corr 2002"]
[Source "ChessBase"]
[SourceDate "2002.05.23"]
[SourceVersion "1"]
[SourceVersionDate "2002.05.23"]
[SourceQuality "1"]

1. e4 e5 2. Nf3 Nc6 3. Bb5 Bc5 4. c3 Qf6 5. 0-0 Nge7 6. Re1 h6 7. Ba4 0-0 8. d4 Bb6 9. d5 Nb8 10. Bc2 d6 11. a4 a5 12. Nbd2 Bg4 13. h3 Bc8 14. Nc4 Nd7 15. Nxb6 Nxb6 16. b3 Ng6 17. Be3 Nf4 18. Kh2 Bd7 19. Ng1 Nc8 20. Qf3 Kh7 21. Bxf4 Qxf4+ 22. Qxf4 exf4 23. e5+ Kg8 24. e6 fxe6 25. dxe6 Be8 26. Be4 Ne7 27. Rad1 Bc6 28. Nf3 Bxe4 29. Rxe4 g5 30. h4 Rf5 31. Rc4 Rc8 32. Re4 Kg7 33. Rde1 Kf6 34. Kh3 Rg8 35. hxg5+ hxg5 36. Kg4 Rh8 37. c4 Rh7 38. R4e2 Kg6 39. Nd4 Rh4+ 40. Kf3 g4+ 41. Ke4 Re5+ 42. Kd3 Kf6 43. Re4 Rxe4 44. Rxe4 Kg5 45. Ne2 g3 46. fxg3 fxg3 47. Rxh4 Kxh4 48. Nc3 c6 49. Ne4 Nf5 50. c5 dxc5 51. Nxc5 b6 52. Nd7 Kg5 53. Ke4 b5 54. Ke5 bxa4 55. bxa4 Kg6 56. Nc5 Ne3 57. Kd6 Nf5+ 58. Kxc6 Kf6 59. Kd7 Ke5 60. Nb7 Kd4 61. Nxa5 Ke3 62. Nc4+ Kf2 63. Nd6 1-0

[Event "IECG WC.2002.P.00011 email"]
[Site "IECG email"]
[Date "1999.??.??"]
[Round "?"]
[White "Massimini Gerbino, Massimiliano"]
[Black "Moro Lorente, Ricardo Javier"]
[Result "0-1"]
[WhiteElo "1964"]
[BlackElo "1810"]
[PlyCount "78"]
[EventDate "1999.02.21"]
[EventType "tourn (corr)"]
[EventRounds "8"]
[SourceTitle "Corr 2008"]
[Source "ChessBase"]
[SourceDate "2008.06.24"]
[SourceVersion "1"]
[SourceVersionDate "2008.06.24"]
[SourceQuality "1"]

1. d4 Nf6 2. c4 e6 3. Nf3 b6 4. a3 Ba6 5. Qb3 c5 6. d5 exd5 7. cxd5 Bd6 8. Nc3 0-0 9. Bg5 h6 10. Bxf6 Qxf6 11. e3 Bxf1 12. Rxf1 Re8 13. Rc1 Be5 14. Nxe5 Qxe5 15. Rh1 d6 16. Qa4 Re7 17. Kf1 Nd7 18. Qc6 Rae8 19. Qa4 Nf6 20. Rd1 Qf5 21. Kg1 Ng4 22. Rf1 Nf6 23. Rd1 Ne4 24. Nxe4 Qxe4 25. Qxe4 Rxe4 26. g3 Rc4 27. Rd2 a5 28. Kg2 f5 29. Kf3 Kf7 30. Ke2 b5 31. h4 Kf6 32. h5 a4 33. f3 Rd4 34. Rhd1 Rxd2+ 35. Rxd2 Kg5 36. Rd1 Kxh5 37. Rb1 Kg6 38. b3 axb3 39. Rxb3 Rb8 0-1

[Event "IECG WC.2002.P.00011 email"]
[Site "IECG email"]
[Date "1999.??.??"]
[Round "?"]
[White "Nunes, Jose Manoel CP"]
[Black "Moro Lorente, Ricardo Javier"]
[Result "1-0"]
[WhiteElo "1437"]
[BlackElo "1810"]
[PlyCount "69"]
[EventDate "1999.02.21"]
[EventType "tourn (corr)"]
[EventRounds "8"]
[SourceTitle "Corr 2008"]
[Source "ChessBase"]
[SourceDate "2008.06.24"]
[SourceVersion "1"]
[SourceVersionDate "2008.06.24"]
[SourceQuality "1"]

1. d4 Nf6 2. c4 e6 3. Nf3 b6 4. g3 Ba6 5. b3 Bb4+ 6. Bd2 Be7 7. Bg2 c6 8. Bc3 d5 9. Ne5 Nfd7 10. Nxd7 Nxd7 11. Nd2 0-0 12. 0-0 Rc8 13. e4 c5 14. exd5 exd5 15. dxc5 dxc4 16. c6 cxb3 17. Re1 b2 18. Bxb2 Nc5 19. Nb3 Nd3 20. Re2 Nxb2 21. Rxb2 Qc7 22. Rd2 Rfd8 23. Rd7 Rxd7 24. Qxd7 Bd6 25. Re1 Rd8 26. Re8+ Rxe8 27. Qxe8+ Bf8 28. Bf1 Bxf1 29. Kxf1 Qd6 30. Qd7 Be7 31. Nd4 a6 32. Nf5 Qxd7 33. cxd7 Kf8 34. Nd4 b5 35. Nc6 1-0

[Event "IECC Swiss email"]
[Site "IECC email"]
[Date "1998.11.27"]
[Round "1"]
[White "Moro Lorente, Ricardo Javier"]
[Black "Jimenez Alonso, Julio"]
[Result "1/2-1/2"]
[WhiteElo "1986"]
[BlackElo "2133"]
[PlyCount "122"]
[EventDate "1998.??.??"]
[EventType "tourn (corr)"]
[EventRounds "6"]
[SourceTitle "Corr 2008"]
[Source "ChessBase"]
[SourceDate "2008.06.24"]
[SourceVersion "1"]
[SourceVersionDate "2008.06.24"]
[SourceQuality "1"]

1. e4 e5 2. Nf3 Nf6 3. Nxe5 d6 4. Nf3 Nxe4 5. d4 d5 6. Bd3 Be7 7. 0-0 Nc6 8. c4 Nb4 9. Be2 0-0 10. Nc3 Be6 11. Be3 Bf5 12. Qb3 c6 13. c5 Nxc3 14. bxc3 Nc2 15. Rac1 Nxe3 16. fxe3 Qc7 17. c4 dxc4 18. Bxc4 Bf6 19. Nh4 Be4 20. Nf5 Bxf5 21. Rxf5 Rfe8 22. Rcf1 Rad8 23. R1f3 Rd7 24. Qc2 Qa5 25. Rh3 Kf8 26. Rf1 h6 27. Rhf3 Qa3 28. Qh7 Ke7 29. Bxf7 Rf8 30. Bb3 Kd8 31. Qe4 Qa5 32. Qf4 Qc7 33. Qxc7+ Kxc7 34. Kf2 b6 35. cxb6+ axb6 36. Rc1 Kd6 37. Ke2 Re8 38. Kd3 Rde7 39. Rc2 Bg5 40. Re2 c5 41. dxc5+ Kxc5 42. Rf5+ Kb4 43. e4 Rd8+ 44. Rd5 Rxd5+ 45. Bxd5 Bf6 46. Rc2 b5 47. Ke3 Be5 48. g3 Ra7 49. Kf3 Rc7 50. Rxc7 Bxc7 51. Kg4 Kc5 52. Kf5 Kd4 53. a3 Bd6 54. Bc6 Bxa3 55. Bxb5 Bd6 56. Bc6 Be5 57. Bb7 Bc7 58. Kg6 Be5 59. Ba8 Kc5 60. Bd5 Kd6 61. Kf7 Bd4 1/2-1/2